Saved in:
| Format: | Book |
|---|---|
| Published: |
lb lc
|
| Tags: |
Add Tag
No Tags, Be the first to tag this record!
|
| Call Number : | 4 SZK 6 2003 |
MARC
| LEADER | 00000pam a2200000 4500 | ||
|---|---|---|---|
| 001 | 18379 | ||
| 003 | MY-KLNDU | ||
| 005 | 20241218061123.0 | ||
| 035 | |a 0000018332 | ||
| 039 | 9 | |a 201701101003 |b faiz |y 200910091006 |z VLOAD | |
| 090 | 0 | 0 | |a 4 SZK 6 2003 |
| 260 | 0 | 0 | |a lb lc |
| 300 | |a xiv,61p |b ill |c 30cm | ||
| 999 | |a vtls000018337 |c 18379 |d 18379 | ||